00685 a2200181 4500003000400000005001700004008004100021020001500062040000900077082001900086100005600105245010100161260003200262300001500294942004400309952013300353999001700486OSt20231110110247.0231109b |||||||| |||| 00| 0 eng d a9960980383 coclc a297.092bIBN/B1 aIbn ʻAbdul-Maujood, Salaahud-Deen ibn ʻAlee99887 aThe biography of Imām Aboo Dawood Sijistani : bthe compiler of Sunan Aboo Dawood, died 275 AH aRiyadh:bDarrusalam,c2006. a295pc21cm 2ddccBKh297.092iIBN/Bk297.092mIBN/B 00102ddc40708ISLAMaMESbMEScISLd2024-01-06l0o297.092 IBN/Bp44538r2024-01-06 12:38:07v1450.00w2024-01-06yBKzGL49R3 c43017d43017